000 00570nam a2200193Ia 4500
005 20250508164804.0
008 008 250505s9999 xx 000 0 eng d
037 _aTheses
040 _aFEDL
_beng
_cFEDL
041 _aeng
_2eng
084 _a510.7, BHA/TH
_qFEDL
100 _aBhatia Kusum
_9520348
245 0 _aIdentification and remediation of learning difficulties in some mathematical concepts
260 _c1995
300 _a484p.
546 _aPh. D. Thesis, (Delhi University)
942 _cTH
_h510.7, BHA/TH
999 _c1391176
_d1391176